Estatísticas para Cantores e bandas internacionais que já passaram pelo Rock in Rio

Clique aqui para jogar o quiz

Estatísticas Gerais

  • Esse quiz foi jogado 181 vezes
  • A pontuação média é 24 de 118

Estatísticas das Respostas

Resposta% Correto
Queen
88%
Queen + Adam Lambert
88%
Metallica
66%
Iron Maiden
63%
Guns N'Roses
62%
Rihanna
57%
AC/DC
55%
Beyoncé
54%
Katy Perry
49%
Bon Jovi
48%
Coldplay
47%
Red Hot Chili Peppers
46%
Slipknot
46%
Foo Fighters
45%
Maroon 5
45%
Aerosmith
40%
Elton John
37%
Justin Timberlake
36%
Scorpions
36%
Britney Spears
35%
System of a Down
35%
Lady Gaga
32%
Oasis
32%
Shakira
30%
Ozzy Osbourne
28%
Ke$ha
27%
A-Ha
26%
Megadeth
26%
Evanescence
24%
Fergie
23%
Motörhead
23%
Whitesnake
23%
Alicia Keys
22%
Jessie J
22%
Muse
22%
Nickelback
22%
'N Sync
22%
Slayer
22%
The Who
22%
Prince
21%
Queens of the Stone Age
21%
Shawn Mendes
21%
The Offspring
21%
Rod Stewart
20%
Alice in Chains
19%
Avenged Sevenfold
19%
Bruce Springsteen
19%
R.E.M.
19%
Ghost
18%
Stevie Wonder
18%
30 Seconds to Mars
17%
David Guetta
17%
Faith No More
15%
Florence and the Machine
15%
George Michael
15%
Judas Priest
15%
Sam Smith
15%
Tears for Fears
15%
Yes
15%
Deftones
14%
5 Seconds of Summer
13%
George Benson
13%
Mötley Crüe
13%
Snow Patrol
13%
Five
12%
James Taylor
12%
Jamiroquai
12%
John Mayer
12%
Lenny Kravitz
12%
Maná
12%
Papa Roach
12%
The B-52's
12%
Billy Idol
11%
Carlos Santana
11%
Fall Out Boy
11%
Matchbox Twenty
11%
Stone Sour
11%
Coheed and Cambria
10%
Def Leppard
10%
Gojira
10%
New Kids on the Block
10%
Nina Hagen
10%
OneRepublic
10%
Pet Shop Boys
10%
Silverchair
10%
The Go-Go's
10%
Aaron Carter
9%
Incubus
9%
Janelle Monáe
9%
Sting
9%
Hollywood Vampires
8%
Seal
8%
Al Jarreau
7%
Alter Bridge
7%
AlunaGeorge
7%
Dave Matthews Band
7%
Debbie Gibson
7%
INXS
7%
Neil Young
7%
Queensrÿche
7%
Royal Blood
7%
Beck
6%
Information Society
6%
Rob Halford
6%
Deee-Lite
5%
De La Tierra
5%
Mastodon
5%
Phillip Phillips
5%
The Script
5%
Colin Hay
4%
Happy Mondays
4%
Joe Cocker
4%
Sheppard
4%
Sheryl Crow
4%
Walk the Moon
4%
Jimmy Cliff
3%
Lisa Stansfield
3%
Run DMC
3%

Distribuição das Pontuações

Percentil de Números Respondidos

Porcentagem de Pessoas com Cada Pontuação

Sua Pontuação Histórica

Você não jogou esse quiz